Education For sustainable Development (Record no. 172715)

MARC details
000 -LEADER
fixed length control field 00533nam a22001817a 4500
005 - DATE AND TIME OF LATEST TRANSACTION
control field 20200211161121.0
010 ## - LCCN (DPL NO)
LC control number ENG-127691
020 ## - INTERNATIONAL STANDARD BOOK NUMBER
Terms of availability 450.00
International Standard Book Number 9789388398237
035 ## - SYSTEM CONTROL NUMBER
System control number EN-111223
037 ## - SOURCE OF ACQUISITION
Source of stock number/acquisition DBAD/PUB
082 ## - DEWEY DECIMAL CLASSIFICATION NUMBER
Classification number 338.927
100 ## - MAIN ENTRY--PERSONAL NAME
Personal name N.Devaki
245 ## - TITLE STATEMENT
Title Education For sustainable Development
260 ## - PUBLICATION, DISTRIBUTION, ETC. (IMPRINT)
Place of publication, distribution, etc Tamilnadu
Date of publication, distribution, etc 2019
Name of publisher, distributor, etc Shanlax Publications
270 ## - ADDRESS
City Tamilnadu
Address 61, 66T.P.K. Main Road Vasantha Nagar,Madurai
Postal code 625003
300 ## - PHYSICAL DESCRIPTION
Extent 274p.
Other physical details 274cm(pbk)
942 ## - ADDED ENTRY ELEMENTS (KOHA)
Source of classification or shelving scheme Dewey Decimal Classification
Item type English Books
Classification part 338.927
Call number suffix DEV
Holdings
Withdrawn status Lost status Not for loan Home library Current library Date acquired Source of acquisition Cost, normal purchase price Full call number Barcode Copy number Cost, replacement price Koha item type
      Sarojini Nagar Sarojini Nagar 11/02/2020 DBAD/PUB 450.00 338.927 DEV EN-111223 1 450.00 English Books

© Delhi Public Library
Hit Counter
free hit counter